Lecciones de métrica castellana

Saved in:
Bibliographic Details
Main Author: Guzmán Maturana, Manuel (Author)
Format: Book
Language:Spanish
Published: Santiago Universo 1915
Edition:3a. ed
Subjects:
Tags: Add Tag
No Tags, Be the first to tag this record!

MARC

LEADER 00000nam a2200000 a 4500
001 UCZ8566
003 CL-VaPUC
008 960121e19150000CL |||||||||||||||||spa|d
082 0 4 |a 372.623  |b GUZ  |2 21 
100 |a Guzmán Maturana, Manuel  |e author  |9 526820 
245 1 0 |a Lecciones de métrica castellana 
250 |a 3a. ed 
300 |a 88 p 
942 |c BK 
945 |d 19960121 00:00:00  |a lriquelm 
260 |a Santiago  |b Universo  |c 1915 
650 0 |a Poesía   |9 265825 
650 0 |a Lingüística  |9 265068 
650 0 |a Educación lingüística  |9 306506 
583 |a last modification  |c 19960121 00:00:00  |k Rodrigo Vera 
999 |c 244429  |d 244427 
952 |0 0  |1 0  |4 0  |6 372_623000000000000_GUZ_1915  |7 0  |8 P  |9 258490  |a BIBEDU  |b BIBEDU  |c BIBEDU_PB  |d 2019-11-19  |i 161990K  |o 372.623 GUZ 1915  |p 161990K  |r 2024-01-25  |w 2019-11-19  |y BK  |k EDU